1882 1348 1934 1847 1660 1948 1960 1467 1250 1929 1569 1584 1171 1134 1653 1156 1541 1984 1606 1915 1364 1022 1378 1420 1842 1249 1549 1413 1870 1417 1744 1057 1078 1761 1870 1951 1537 1557 1463 1544 1327 1716 1628 1596 1676 1019 1587 1706 1116 1350 1141 1219 1274 1595 1754 1042 1933 1957 1888 1057 1566 1984 1153 1819 1155 1255 1469 1977 1251 1481 1711 1085 1283 1203 1595 1735 1337 1313 1408 1760 1300 1861 1490 1513 1409 1745 1518 1763 1873 1972 1227 1627 1424 1055 1072 1395 1830 1141 1094 BCNSPRNW ULIB Ver.6.0+V

เปลี่ยนเป็นภาษาไทย

Change to English
 แสดงรายละเอียดบรรณานุกรม
  กลับหน้าหลัก

Brief Record : Get Marc (ISO 2709) : E-mail record : QR code < ปิดหน้าต่าง
LEADER : 00000nam 2200000uu 4500
001    13399126622
003     ULIB
008    020711s2561 th a 000 0 tha d
020    ^a9786164261235
060    ^aWA20.5^bน595ก
100    ^aนิทรา กิจธีระวุฒิวงษ์
245    ^aการวิจัยทางสาธารณสุข จากหลักการสู่การปฏิบัติ/^cนิทรา กิจธีระวุฒิวงษ์
250    พิมพ์ครั้งที่ 2
260    พิษณุโลก :^bมหาวิทยาลัยนเรศวร,^c2561
300    358 หน้า;^b26 ซม.
650    สาธารณสุขศาสตร์^xวิจัย
945    ^p450^l0^i004943
945    ^p450^l0^i004944
945    ^p450^l0^i004945
945    ^p450^l0^i004946
945    ^p450^l0^i004947
999    ^aประนอม เกษจรัล
รายการนี้ยังไม่มีแท็ก
คุณยังไม่ได้ล็อกอิน คุณสามารถมีกิจกรรมร่วมกับเว็บไซต์ได้ แต่ต้องล็อกอินก่อน ::
  ล็อกอิน

รายการสื่อสารสนเทศ

ลำดับที่ ประเภท เลขเรียก/บาร์โค้ด สถานที่ สถานะ
1. วิทยาศาสตร์การแพทย์ และสุขภาพ
หนังสือสำรอง
สถานะ=หนังสือสำรอง
WA20.5 น595ก ฉ.1 
  Barcode: 004943
ห้องสมุดวิทยาเขตสวรรค์ประชารักษ์
►หนังสือทั่วไป
บนชั้น
2. วิทยาศาสตร์การแพทย์ และสุขภาพ
วิทยาศาสตร์การแพทย์ และสุขภาพ
WA20.5 น595ก ฉ.2 
  Barcode: 004944
ห้องสมุดวิทยาเขตสวรรค์ประชารักษ์
►หนังสือทั่วไป
บนชั้น
3. วิทยาศาสตร์การแพทย์ และสุขภาพ
วิทยาศาสตร์การแพทย์ และสุขภาพ
WA20.5 น595ก ฉ.3 
  Barcode: 004945
ห้องสมุดวิทยาเขตสวรรค์ประชารักษ์
►หนังสือทั่วไป
บนชั้น
4. วิทยาศาสตร์การแพทย์ และสุขภาพ
วิทยาศาสตร์การแพทย์ และสุขภาพ
WA20.5 น595ก ฉ.4 
  Barcode: 004946
ห้องสมุดวิทยาเขตสวรรค์ประชารักษ์
►หนังสือทั่วไป
ถูกยืม กำหนดส่งวันที่ 6 มีนาคม 2567
  จอง
5. วิทยาศาสตร์การแพทย์ และสุขภาพ
วิทยาศาสตร์การแพทย์ และสุขภาพ
WA20.5 น595ก ฉ.5 
  Barcode: 004947
ห้องสมุดวิทยาเขตสวรรค์ประชารักษ์
►หนังสือทั่วไป
บนชั้น

รายการใกล้เคียง
    ผู้แต่ง [นิทรา กิจธีระวุฒิวงษ์]

BibComment


ยังไม่เคยถูกคอมเมนท์

คอมเมนท์ทรัพยากรรายการนี้
  คอมเมนท์: การวิจัยทางสาธาร..


 Copyright 2026. Bcnsprnw @Library